عرض عادي
عرض مارك
- Sociolinguistics
مدخل مصطلح موضوعي
001 - رقم الضبط
- حقل الضبط: 4291
003 - معرف رقم الضبط
- حقل الضبط: OSt
005 - تاريخ ووقت أخر عملية
- حقل الضبط: 20110911103118.0
008 - عناصر بيانات ثابتة الطول
- حقل تحكم ثابت الطول: 110911|||a|||||| | ||| d
040 ## - مصدر الفهرسة
- هيئة الفهرسة الأصلية: OSt
- وكالة الكتابة: OSt
150 ## - مدخل-- مصطلح تاريخي
- عنصر مدخل المصطلح الموضوعي او الاسم الجغرافي: Sociolinguistics
- تفريع عام: Research.
670 ## - بيانات المصدر موجوده
- الاستشهاد بالمصدر: Work cat.: (OSt)0: Macaulay, Ronald K. S. 4096, Quantitative methods in sociolinguistics /, c2009.
